Hormones, heredity, and race (Record no. 36746)
[ view plain ]
| 000 -LEADER | |
|---|---|
| fixed length control field | 02014nam a2200457 a 4500 |
| 082 04 - DEWEY DECIMAL CLASSIFICATION NUMBER | |
| Classification number | 599.909436/130904 |
| 100 1# - MAIN ENTRY--AUTHOR NAME | |
| Personal name | Logan, Cheryl A. |
| 245 10 - TITLE STATEMENT | |
| Title | Hormones, heredity, and race |
| 260 ## - PUBLICATION, DISTRIBUTION, ETC. (IMPRINT) | |
| Place of publication | New Brunswick, N.J. : |
| Name of publisher | Rutgers University Press, |
| Year of publication | c2013. |
| 300 ## - PHYSICAL DESCRIPTION | |
| Number of Pages | x, 245 p. : |
| Other physical details | ill. |
| 505 0# - FORMATTED CONTENTS NOTE | |
| Formatted contents note | pt. 1. Constructing heredity -- pt. 2. Reform eugenics. |
| 650 #0 - SUBJECT ADDED ENTRY--TOPICAL TERM | |
| Topical Term | Physical anthropology |
| Topical Term | Nature and nurture |
| Topical Term | Endocrinology |
| Topical Term | Heredity |
| Topical Term | Inheritance of acquired characters |
| Topical Term | Rejuvenation |
| Topical Term | Racism in anthropology |
| 856 40 - ELECTRONIC LOCATION AND ACCESS | |
| Uniform Resource Identifier | http://site.ebrary.com/lib/rucke/Doc?id=10733304 |
No items available.
